000 00840nam a2200229 4500
005 20240530110608.0
008 160611s2014 ua ||||g b||| 00| 0 ara d
017 _a2013/20991
_bمصر. دار الكتب
020 _a9789771029267
040 _aEG-CaGPL
082 0 4 _221
_a337.1/
_bم ت
100 0 _aماهر بن ابراهيم القصير
245 1 _aتكتل دول البريكس :
_bنشأته، اقتصادياته، اهدافه /
_cماهر بن ابراهيم القصير.
250 _aط. 1.
260 _aالقاهرة :
_bدار الفكر العربي،
_c2014.
300 _a291 ص. ؛
_c24 سم.
504 _aببليوجرافية : ص. 287-291
650 0 4 _aدول البريكس
650 0 4 _aالتكتلات الاقتصادية
942 _2ddc
_cBK
999 _c62803
_d62803